All Modern-Day Countries Ever Controlled by the Turkic People - Statistics

General Stats
  • This quiz has been taken 17 times
  • The average score is 38 of 68
Answers on the Map
Answers color-coded by a green-red scale on the quiz's map according to % correct below.
 
Answer Stats
Answer % Correct
Russia
93%
China
86%
Indıa
86%
South Korea
86%
Afghanistan
79%
North Korea
79%
Iran
71%
Kazakhstan
71%
Mongolia
71%
Pakistan
71%
Turkmenistan
71%
Azerbaıjan
64%
Bangladesh
64%
Bhutan
64%
Georgia
64%
Kyrgyzstan
64%
Nepal
64%
Oman
64%
Qatar
64%
Saudi Arabia
64%
UAE
64%
Uzbekistan
64%
Armenia
57%
Egypt
57%
Eritrea
57%
Ethiopia
57%
Greece
57%
Iraq
57%
Israel
57%
Jordan
57%
Kuwait
57%
Somalia
57%
Sudan
57%
Syria
57%
Tajikistan
57%
Yemen
57%
Denmark
50%
Germany
50%
Lebanon
50%
Libya
50%
Serbia
50%
Sweden
50%
Tunisia
50%
Turkey
50%
Albania
43%
Algeria
43%
Belarus
43%
Bosnia and Herzegovina
43%
Czech Republic
43%
Estonia
43%
Hungary
43%
Latvia
43%
Lithuania
43%
Macedonia
43%
Moldova
43%
Montenegro
43%
Morocco
43%
Poland
43%
Romania
43%
Slovakia
43%
Ukraine
43%
Austria
36%
Bahrain
36%
Bulgaria
36%
Croatia
36%
Kosovo
36%
Palestine
36%
Slovenia
36%
No matching quizzes found
Score Distribution
Percent of People with Each Score
Percentile by Number Answered
Your Score History
You have not taken this quiz